|
|
|
|
| LEADER |
01431nam a2200349 a 4500 |
| 001 |
35221 |
| 003 |
BD-DhAAL |
| 005 |
20211129144622.0 |
| 008 |
960503s1996 deua b 001 0 eng |
| 999 |
|
|
|c 41110
|d 41110
|
| 010 |
|
|
|a 96022713
|
| 020 |
|
|
|a 0872072398 (pbk.)
|
| 040 |
|
|
|a DLC
|c DLC
|d DLC
|d BD-DhAAL
|
| 043 |
|
|
|a d------
|
| 050 |
0 |
0 |
|a LC161
|b .P76 1996
|
| 082 |
0 |
0 |
|a 302.2244091724
|2 20
|
| 245 |
0 |
0 |
|a Promoting reading in developing countries /
|c edited by Vincent Greaney
|
| 260 |
|
|
|a Newark, Del., USA :
|b International Reading Association,
|c c1996.
|
| 300 |
|
|
|a x, 214 pages :
|b illustrations ;
|c 23 cm.
|
| 504 |
|
|
|a Includes bibliographical references and indexes.
|
| 526 |
|
|
|a BIED
|
| 541 |
|
|
|a Complimentary copy from BIED
|e 35221
|
| 650 |
|
0 |
|a Literacy
|z Developing countries.
|9 33970
|
| 650 |
|
0 |
|a Literacy programs
|z Developing countries.
|9 33971
|
| 650 |
|
0 |
|a Books and reading
|z Developing countries.
|9 33972
|
| 650 |
|
0 |
|a Publishers and publishing
|z Developing countries.
|9 33973
|
| 650 |
|
0 |
|a Education.
|9 33974
|
| 700 |
1 |
|
|a Greaney, Vincent.
|9 33975
|
| 710 |
2 |
|
|a International Reading Association.
|9 33976
|
| 852 |
|
|
|a Ayesha Abed Library
|c BIED Collection
|
| 942 |
|
|
|2 ddc
|c BK
|
| 952 |
|
|
|0 0
|1 0
|2 ddc
|4 0
|6 302_224409172400000_PRO
|7 0
|9 66136
|a BRACUL
|b BRACUL
|c GEN
|d 2019-09-04
|e Complimentary copy from BIED
|l 0
|o 302.2244091724 PRO
|p 3010035221
|r 2019-09-04
|t 1
|w 2019-09-04
|y BK
|x Transferred from BIED to General Stacks
|